000 00261nam a22001097a 4500
082 _a574
_bSAX/B
100 _aO.P.SAXENA
245 _aBIOLOGY FOR CLASS XII
260 _aDELHI
_bDHANPAT RAI PUBLICATIONS
_c2005
650 _aBIOLOGY FOR CLASS XII
_zINDIA
942 _cBK
999 _c737
_d737